[Event "DOM-chT"]
[Site "Santiago de los Caballeros"]
[Date "2017.08.18"]
[Round "2.4"]
[White "Cruz Victoriano, Elvin"]
[Black "Ramirez Paniagua, Luis Enrique"]
[Result "1/2-1/2"]
[WhiteElo "1878"]
[BlackElo "1791"]
[PlyCount "28"]
[EventDate "2017.08.17"]
[EventType "team-swiss"]
[EventRounds "6"]
[EventCountry "DOM"]
[SourceTitle "EXT 2019"]
[Source "ChessBase"]
[SourceDate "2018.10.10"]
[SourceVersion "1"]
[SourceVersionDate "2018.10.10"]
[SourceQuality "1"]
[WhiteTeam "Monsenor Nouel"]
[BlackTeam "San Juan de la Maguana"]
[WhiteTeamCountry "DOM"]
[BlackTeamCountry "DOM"]

1. e4 e6 2. d4 d5 3. exd5 exd5 4. Nf3 Nf6 5. Nc3 b6 6. Be2 Be7 7. 0-0 Ba6 8. Bxa6 Nxa6 9. Qe2 Nb8 10. Re1 a6 11. Bg5 Nc6 12. Rad1 0-0 13. Ne5 Nb8 14. Nf3 Nc6 1/2-1/2